| 000 | 00479nam a2200169 i 4500 | ||
|---|---|---|---|
| 001 | 35730 | ||
| 003 | ES-MaACL | ||
| 005 | 20230906155210.0 | ||
| 007 | t| | ||
| 008 | 030213s1910 fr ||||1| fre d | ||
| 100 | 1 |
_aBréhier, Émile. _9148586 |
|
| 245 | 1 | 4 |
_aLes grands philosophes _b: Chrysippe / _cpar Emile Bréhier. |
| 260 |
_aParis : _bFélix Alcan, _c1910 ( _fFirmin Didot) |
||
| 300 |
_aVIII, 295 p. ; _c22 cm. |
||
| 600 | 0 | 4 |
_aCrisipo. _941620 |
| 852 |
_aES-MaACL _jD-1645 |
||
| 999 |
_c35730 _d35730 |
||